Řešení reportingu v bance

Budovanie reportingu v bankách a nedostatky jeho riešenia. Business Intelligence a kvalita poskytovaných služieb. Rozvoj technológií a reportingových nástrojov. Tvorba a dôveryhodnosť reportingu.

Gespeichert in:
Bibliographische Detailangaben
1. Verfasser: Janata, Pavel
Format: Buchkapitel
Sprache:Tschechisch
Schlagworte:
Tags: Tag hinzufügen
Keine Tags, Fügen Sie das erste Tag hinzu!

MARC

LEADER 00000naa a2200000 4500
001 0129139
005 20231129094011.4
041 0 |a cze 
044 |a CZ 
245 1 0 |a Řešení reportingu v bance  |c Pavel Janata 
520 |a Budovanie reportingu v bankách a nedostatky jeho riešenia. Business Intelligence a kvalita poskytovaných služieb. Rozvoj technológií a reportingových nástrojov. Tvorba a dôveryhodnosť reportingu. 
610 2 0 |a manažéri 
610 2 0 |a manažment informačný 
610 2 0 |a metódy organizácie 
610 2 0 |a systémy informačné 
610 2 0 |a nástroje riadenia 
610 2 0 |a kontroling 
610 2 0 |a reporting 
610 2 0 |a technológie informačné 
610 2 0 |a bankovníctvo 
100 1 |a Janata, Pavel